<?xml version="1.0" encoding="UTF-8"?>
<collection xmlns:xsi="http://www.w3.org/2001/XMLSchema-instance" xsi:schemaLocation="http://www.loc.gov/MARC21/slim http://www.loc.gov/standards/marcxml/schema/MARC21slim.xsd" xmlns="http://www.loc.gov/MARC21/slim">
 <record>
  <leader>00000ctm a22000003a 4500</leader>
  <controlfield tag="001">UP-99796217613076214</controlfield>
  <controlfield tag="003">Buklod</controlfield>
  <controlfield tag="005">20241017110912.0</controlfield>
  <controlfield tag="006">m     o  j        </controlfield>
  <controlfield tag="007">ta</controlfield>
  <controlfield tag="008">241017s2019    xx     d     |||| ||    |</controlfield>
  <datafield tag="035" ind1=" " ind2=" ">
   <subfield code="a">(iLib)UPD-00413164797</subfield>
  </datafield>
  <datafield tag="040" ind1=" " ind2=" ">
   <subfield code="a">DLS</subfield>
   <subfield code="e">rda</subfield>
  </datafield>
  <datafield tag="041" ind1=" " ind2=" ">
   <subfield code="a">eng</subfield>
  </datafield>
  <datafield tag="090" ind1=" " ind2=" ">
   <subfield code="a">LG 995 2019 L4</subfield>
   <subfield code="b">D456</subfield>
  </datafield>
  <datafield tag="100" ind1="0" ind2=" ">
   <subfield code="a">Del Mundo, Rafael Joseph C.</subfield>
   <subfield code="e">author.</subfield>
  </datafield>
  <datafield tag="245" ind1="0" ind2="4">
   <subfield code="a">Finding the impact of information sources</subfield>
   <subfield code="b">a study on the political information efficacy and voting behavior of Filipino young voters in Metro Manila</subfield>
   <subfield code="c">Rafael Joseph C. Del Mundo; Yhna Therese P. Santos, adviser; Rolly Francis C. Peoro, reader.</subfield>
  </datafield>
  <datafield tag="264" ind1=" " ind2="1">
   <subfield code="a">Quezon City</subfield>
   <subfield code="b">School of Library and Information Studies, University of the Philippines, Diliman</subfield>
   <subfield code="c">2019.</subfield>
  </datafield>
  <datafield tag="300" ind1=" " ind2=" ">
   <subfield code="a">xv, 121 leaves</subfield>
   <subfield code="b">illustrations</subfield>
   <subfield code="c">28 cm</subfield>
  </datafield>
  <datafield tag="336" ind1=" " ind2=" ">
   <subfield code="a">text</subfield>
   <subfield code="2">rdacontent</subfield>
  </datafield>
  <datafield tag="502" ind1=" " ind2=" ">
   <subfield code="a">Thesis (Master of Library and Information Science)</subfield>
   <subfield code="c">University of the Philippines Diliman</subfield>
   <subfield code="d">December 2019.</subfield>
  </datafield>
  <datafield tag="520" ind1="3" ind2=" ">
   <subfield code="a">Young voters are an important voting bloc, especially in the Philippines because they not only hold a significant portion of the voting population, but they also represent the future voting culture of the country. In this regard, it is ideal that young voters are well-informed about election-related activities such as knowing about the profile and platforms of political candidates, schedule of the elections, the actual process of registration and voting, and many other important things. Consequently, knowing about one's confidence in their political knowledge is essential for effective engagement and participation in the election. It is in this light that this study focused on determining the impact of election information sources to young voters by identifying sources that are frequently use, reliable and influential. Furthermore, this study determined the Political Information Efficacy (PIE) or the confidence of young voters in their political knowledge as well as their voting behavior of information sources to the PIE and voting behavior of Filipino young registered voters was also one of the focus of this study.</subfield>
  </datafield>
  <datafield tag="520" ind1="3" ind2=" ">
   <subfield code="a">The data gathered from the survey questionnaire and Focus Group Discussions (FGDs) revealed that election information sources young voters used the most are social media, television, parents and printed newspapers. With regard to the reliability, young voters find printed newspapers, parents, siblings, television, radio and online newspapers the most reliable. Lastly, in terms of information sources, they find social media, television, parents, siblings, printed newspapers and radio as the most influential.</subfield>
  </datafield>
  <datafield tag="520" ind1="3" ind2=" ">
   <subfield code="a">As for the association or relationship of election information sources to the PIE and voting behavior of young voters, this study revealed that for usage frequency, the relationship was mostly positive but &quot;very weak&quot;. However, in terms of reliability and influence, the association for the Political Information Efficacy and voting behavior of young voters was mostly negative and &quot;very weak&quot;. This study also found out the PIE and voting behavior were positively associated.</subfield>
  </datafield>
  <datafield tag="520" ind1="3" ind2=" ">
   <subfield code="a">In conclusion, in terms of usage, young voters will most likely use popular, readily available and easily accessible sources. As for reliability, sources are found to be reliable if these are readily available and accessible With regard to the influence, young voters agreed that these were the types that are readily accessible and available, offers content that are varied and extensive, uses prominent and influential personalities and those that provide direct and personal interactions.</subfield>
  </datafield>
  <datafield tag="520" ind1="3" ind2=" ">
   <subfield code="a">Lastly, this study showed that the usage frequency of election information sources may have more positive impact to one's confidence in their political knowledge and political participation of young voters compared to the reliability and influence of information sources.</subfield>
  </datafield>
  <datafield tag="650" ind1=" " ind2="0">
   <subfield code="a">Voting behavior</subfield>
   <subfield code="x">Young voters</subfield>
   <subfield code="z">Metro Manila.</subfield>
  </datafield>
  <datafield tag="650" ind1=" " ind2="0">
   <subfield code="a">Voting behavior</subfield>
   <subfield code="x">Young voters</subfield>
   <subfield code="x">Filipino</subfield>
   <subfield code="z">Metro Manila.</subfield>
  </datafield>
  <datafield tag="700" ind1="1" ind2=" ">
   <subfield code="a">Santos, Yhna Therese, P.</subfield>
   <subfield code="e">adviser.</subfield>
  </datafield>
  <datafield tag="700" ind1="1" ind2=" ">
   <subfield code="a">Peoro, Rolly Francis, C.</subfield>
   <subfield code="e">reader.</subfield>
  </datafield>
  <datafield tag="905" ind1=" " ind2=" ">
   <subfield code="a">FI</subfield>
  </datafield>
  <datafield tag="905" ind1=" " ind2=" ">
   <subfield code="a">UP</subfield>
  </datafield>
  <datafield tag="852" ind1="0" ind2=" ">
   <subfield code="a">UPD</subfield>
   <subfield code="b">DLS</subfield>
   <subfield code="h">LG 995 2019 L4 D456</subfield>
  </datafield>
  <datafield tag="942" ind1=" " ind2=" ">
   <subfield code="a">Thesis</subfield>
  </datafield>
 </record>
</collection>
